LEADER 01668nam a2200313 u 4500 001 000000111499 003 CaOOAMICUS 005 20080507125817.0 008 080507s2006 it u100 u ita u 020 $a88-7263-296-X 040 $aPUL$bita$dLDB 245 00$aAutobiografia e formazione ecclesiale :$batti del seminario di studi (Fasano, 12 marzo 2005) in collaborazione con Associazione Italiana dei Catecheti (AIca) e Libera Universitą di Anghiari (LUA) /$ca cura di Pio Zuppa, Sandro Ramirez. 260 $aRoma :$bVivere In,$c2006. 300 $a194 p. ;$c24 cm. 490 1 $aQuaderni dell'Istituto pastorale pugliese ;$v01 500 $aIn testa al front. : Istituto pastorale pugliese. 504 $aBibliografia : p. [181]-189. 650 14$aTeologia pastorale.$0(OLS)http://pul/subject/1301 700 1 $aRamirez, Sandro.$0(OLS)http://pul/name/68507 700 1 $aZuppa, Pio.$0(OLS)http://pul/name/67667 710 2 $aIstituto pastorale pugliese.$0(OLS)http://pul/name/68508 830 0$aQuaderni dell'Istituto pastorale pugliese ;$v01.$0(OLS)http://pul/title/140229 850 $aPUL 852 $aPUL$W1$xSL Religione 3$y85$m268 ZUPPI 2$j127809$qDDC 21$B126514$CPULBib$Z2$F126514 $H107303 $82 941 1 $a9 960 $aPastorale$91301 996 $6020$a88-7263-296-X$9(OLS)http://pul/number/137977 996 $6245$aAutobiografia e formazione ecclesiale :$batti del seminario di studi (Fasano, 12 marzo 2005) in collaborazione con Associazione Italiana dei Catecheti (AIca) e Libera Universitą di Anghiari (LUA)$9(OLS)http://pul/title/140228 996 $6260$aRoma :$bVivere In$9(OLS)http://pul/publisher/51484 LEADER 01445nam a2200337 a 4500 001 000000174467 003 CaOOAMICUS 005 20210426164441.0 008 210426s2017 nyu u000 u eng r 020 $z978-0-06-247117-8* 032 $aLibriCat 040 $aPUL$bita 082 04$a274 100 1 $aGregory, Brad Stephan.$0(OLS)http://pul/name/90144 245 10$aRebel in the ranks : $bMartin Luther, the Reformation, and the conflicts that continue to shape our world / $cBrad S. Gregory. 260 $aNew York :$bHarperOne,$c©2017. 300 $aix, 292 p. ;$c22 cm 504 $aBibliografia: p. 273-292. 600 14$aLuther, Martin,$d1483-1546$xCritica e interpretazione.$0(OLS)http://pul/subject/1156 650 4$aRiforma.$0(OLS)http://pul/subject/330 850 $aPUL 852 $aPUL$W1$xSL Religione 3$y85$m274 GREBR 1$j198793$qDDC 21$B203410$CPULBib$Z2$F203410 $H134945 $82 941 1 $a9 960 $aProtestantesimo$9330 960 $aProtestantesimo$9330 960 $aRiforma protestante$9330 996 $6020$z978-0-06-247117-8*$9(OLS)http://pul/number/168151 996 $6082$a274$9(OLS)http://pul/classification/1742 996 $6245$aRebel in the ranks : $bMartin Luther, the Reformation, and the conflicts that continue to shape our world / $9(OLS)http://pul/title/215747 996 $6260$aNew York :$bHarperOne$9(OLS)http://pul/publisher/82697